000 00758nam a2200229 i 4500
001 67695
003 ES-MaACL
005 20250323063042.0
007 t|
008 210805s2009 sp 0001f spa d
020 _a978-84-672-3641-5
080 _a821.134.2-31"19"
100 1 _aFalcones, Ildefonso,
_d1959-
_9173091
245 1 3 _aLa mano de Fátima /
_cIdelfonso Falcones.
260 _aBarcelona :
_bCírculo de Lectores,
_c[2009]
300 _a955 p. ;
_c23 cm.
852 4 _aES-MaACL
_jA-14638
_970213
_bR.152195
_cDEPO1
_dOlim: N-7638
_hDonacion: José Lázaro
_x Encuadernación en cartoné
903 _9234219
_aLázaro García, José
_ednr
942 _2udc
_cMONOGRAFIA
999 _c67695
_d67695